| 000 | 00698cam a2200241 4500 | ||
|---|---|---|---|
| 001 | M83403 | ||
| 008 | 090401t1997 xxu||||| |||| 00| 0 eng d | ||
| 035 | _a(Sirsi) u77781 | ||
| 041 | _aeng | ||
| 050 | _a333.0076 | ||
| 110 |
_aRoyal Institution of Chartered Surveyors _94900 |
||
| 245 | _aAssessment of professional competence : employers guide. | ||
| 260 |
_aLondon _bRICS _c1997 |
||
| 300 | _a5p. ; 30cm. | ||
| 350 | _a0 | ||
| 520 | _aSets out the new guidelines for the APC. Produced January 1997. | ||
| 650 |
_aAPC _96216 |
||
| 650 |
_aAPC _96216 |
||
| 650 | _aEMPLOYERS GUIDE | ||
| 690 | _aMANAGEMENT-BUSINESS MANAGEMENT-PROFESSIONAL PRACTICE | ||
| 942 | _n0 | ||
| 948 | _c17/04/1997 | ||
| 999 |
_c96350 _d96350 |
||